Informació general : El Lluçanès : municipis El Lluçanès :
Descripción Física:
[26] p. : il. col., fot. ; 21 cm
MARC
| LEADER | 00000nam a2200000Ia 4500 | ||
|---|---|---|---|
| 001 | 18414 | ||
| 008 | 160829s9999 xx 000 0 cat d | ||
| 080 | |a FU-1-67 | ||
| 245 | |a Informació general : |b El Lluçanès : |b municipis | ||
| 250 | |a 2a ed. | ||
| 260 | |a [Barcelona] : |b Diputació de Barcelona, DL 2000 | ||
| 300 | |a [26] p. : |b il. col., fot. ; |c 21 cm | ||
| 590 | |a A la portada: Turisme Total. | ||
| 590 | |a Inclou mapa de la zona | ||
| 650 | |a Lluçanès |x Guies |9 25696 | ||
| 650 | |a Lluçanès |x Circuits turístics |9 25697 | ||
| 710 | 1 | |a Barcelona (Catalunya : Província). |b Diputació |9 52408 | |
| 901 | |a Arxiu | ||
| 942 | |n 1 | ||
| 952 | |0 0 |1 0 |4 0 |6 FU167 |7 1 |9 43743 |a Arxiu |b Arxiu |d 2016-12-01 |l 0 |o FU-1-67 |p 18414 |r 2016-12-01 00:00:00 |w 2016-12-01 |y ARXIU | ||
| 999 | |c 46291 |d 46291 | ||